| 000 | 00659nam a2200241Ia 4500 | ||
|---|---|---|---|
| 003 | OSt | ||
| 005 | 20220928102730.0 | ||
| 006 | a|||||r|||| 00| 0 | ||
| 007 | ta | ||
| 008 | 220927b |||||||| |||| 00| 0 eng d | ||
| 024 | _a88532 | ||
| 037 | _cTextual | ||
| 040 |
_aSDCL _cSDCL _beng |
||
| 041 |
_2eng _aeng |
||
| 082 | _aO-944,3N15:g, L2 | ||
| 100 |
_aShahane Vasant Anant _9400088 |
||
| 245 | 0 | _aKhushwant Singh | |
| 260 |
_aNew York _b Twayne Publishers _c1972 |
||
| 300 |
_a176p. _ccm. |
||
| 490 | _aTwayne's world authors series | ||
| 942 |
_hO-944,3N15:g, L2 _cTEXL _2CC |
||
| 999 |
_c715993 _d715993 |
||